Регионална библиотека "Любен Каравелов" - Русе

Srpskohrvatski za strance (Запис номер 40415)

MARC детайли
000 -Лидер
Контролно поле с фиксирана дължина 01074nam a2200325 c 4500
003 - Код на организацията, давaща контролен номер
Контролно поле BLK
005 - Дата и час на последна редакция
Контролно поле 20180420221222.0
008 - Елементи от данни с фиксирана дължина
fixed length control field 180408b bul|||||r ||||||| ||bul||
010 ## - Наследен системен номер
LC control number KNG00043858000
040 ## - Източник на каталожния запис
Идентификатор на билиотеката - собственик на записа BLK
041 ## - Код за език
Код за езика на текст/звукозапис или на отделно заглавие Сръбски
Код за езика КДБФ Други славянски езици
080 ## - УДК
Текстов определител УДК Сърбохърватски езици
УДК код - определител по УДК 811.163.4
УДК определител (075.4)
УДК - код + определител 811.163.4(075.4)
100 1# - Редна дума - Автор
Автор Coric, Bozo
Авторска отговорност първи автор
R(LIN) 7624
139 ## - Редно поле
Редна дума Coric, Bozo
Авторски знак Cor - C 79
245 10 - Сведения за заглавието
Заглавие Srpskohrvatski za strance
Редно поле (дума) Bozo Coric.
246 11 - Различни форми на заглавието
Паралелно заглавие Serbo-croatian for foreigners
250 ## - Област на изданието
Сведения за изданието 3. popr. i dop. izd.
257 ## - Страна на издаване
Страна на създаване/издаване Сърбия
260 ## - Област на издателските данни
-- Beograd
Име на издателя, разпространителя и проч. Medunar. slavisticki centar na filol. fak. u Beogr
Година на издаване 1989
300 ## - Физическа характеристика
Страници 407 c.
Илюстрации и др. с ил.
Размери/Мащаб 24 см
380 ## - Жанр
Жанр Езикознание. Филология
650 #4 - Допълнително описание по предмет – тема
Основно описание – тема или топоним Сърбохърватски езици - учебни помагала
9 (RLIN) 277199
653 ## - Ключова дума – ненормативна
Ключова дума сърбохърватски езици
653 ## - Ключова дума – ненормативна
Ключова дума учебни помагала
852 ## - Местоположение
Форматна сигнатура Цб 185502
856 4# - Електронен адрес и достъп
Електронен формат pdf - файл
Път до файла /url/
856 4# - Електронен адрес и достъп
Електронен формат pdf - файл
Път до файла /url/
942 ## - АРТИКУЛИ
Вид на библиотечния материал Книги
Скрит в OPAC Не
944 ## - СЪЗДАВАНЕ И РЕДАКЦИЯ на ЗАПИСА
Създаване/Редакция Създаване
Дата на регистрацията/редакция 01.01.1999
Служител, извършил регистрацията/редакцията AB_DOS
944 ## - СЪЗДАВАНЕ И РЕДАКЦИЯ на ЗАПИСА
Създаване/Редакция Редакция
Дата на регистрацията/редакция 11.09.2015
Служител, извършил регистрацията/редакцията Теодора_Стоянова
999 ## - СИСТЕМНИ КОНТРОЛНИ НОМЕРА
Koha biblionumber 40415
Koha biblioitemnumber 40415
Наличности
Код за отписване Код за изгубен артикул Код за повреда Коз за рестрикции Код за отдаване Артикулен № Име на библиотеката - собственик Име на библиотеката, в която се намира в момента Статус (Текущо местоположение) Дата на вписване в системата Местоположение - отдел Цена в лева Инвентарен номер Систематично азбучна сигнатура Баркод Номер на екземпляра Цена в евро Служебен тип на артикула
  Не е изгубен Не е повреден без рестрикции заемане за дома 63227 Регионална библиотека "Любен Каравелов" Русе Регионална библиотека "Любен Каравелов" Русе ЧЧЗО - англ. ез. - Британски съвет 2001-01-01 ЧЧЗО - англ. ез. - Британски съвет 0.00 619812 Ч3 808/C 79 619812 1 0.00 Книги
Vip Innovations Ltd, Rousse, Bulgaria 2025